Corps Humain de A à Z - Statistiques

Statistiques générales
  • Ce quiz a été pris 3 731 fois
    3 663 depuis la dernière actualisation
  • Le résultat moyen est 21 sur 26
Statistiques - réponses
Hint Réponse % Correct
Cinq au bout de nos mains D Doigt
98%
Il bat, il bat, il bat... C Cœur
97%
Circule dans tout le corps S Sang
96%
Nos dents sont plantées dedans G Gencives
94%
Pour fermer les yeux P Paupière
94%
Permettent à nos membres de se plier A Articulations
93%
Pour bien y voir Y Yeux
92%
Couche supérieure de notre peau E Épiderme
90%
On les casse, on les vernit... O Ongles
89%
Os du genou R Rotule
89%
Sécrète la bile F Foie
86%
Attachent les os L Ligament
85%
Au cœur de la cellule N Noyau
83%
Muscle de l'avant de la cuisse Q Quadriceps
83%
En cas de gastro-entérite, on y va très (trop !) souvent W Waters ou WC
83%
Nid douillet pour un bébé U Utérus
82%
Transporte le sang à ré-oxygéner V Veine
79%
Très très long et tout replié I Intestin ou Iléon
78%
Des deux côtés du nez J Joues
77%
Pour voir nos os à la radio X Rayons X
74%
Muscles du sourire Z Zygomatiques
68%
Un os saillant sur nos flancs H Hanche
65%
On va le voir après un accident K Kinésithérapeute
64%
Passage de l'air T Trachée
60%
Grand os plat qui soutient nos viscères B Bassin
49%
Membranes qui entourent le cerveau M Méninges
33%
Aucun quiz correspondant
Distribution des résultats
% des personnes avec chaque résultat
Percentile par nombre de réponses
Votre historique - résultats
Vous n’avez pas pris ce quiz depuis la dernière actualisation